Propuesta del uso de la inteligencia artificial en el desarrollo de las operaciones de la Fuerza Aérea de República Dominicana a partir del año 2025 / (Registro nro. 8474)
[ vista simple ]
| 000 -CABECERA | |
|---|---|
| campo de control de longitud fija | 01721nam a2200241 4500 |
| 003 - IDENTIFICADOR DEL NÚMERO DE CONTROL | |
| campo de control | DO-SdBJH |
| 005 - FECHA Y HORA DE LA ÚLTIMA TRANSACCIÓN | |
| campo de control | 20250905201717.0 |
| 008 - DATOS DE LONGITUD FIJA--INFORMACIÓN GENERAL | |
| campo de control de longitud fija | 250905b2024 |||do||| |||| 00| 0 spa d |
| 040 ## - FUENTE DE LA CATALOGACIÓN | |
| Centro catalogador/agencia de origen | DO-SdBJH |
| Lengua de catalogación | spa |
| Centro/agencia transcriptor | DO-SdBJH |
| 041 0# - CÓDIGO DE LENGUA | |
| Código de lengua del texto/banda sonora o título independiente | spa |
| 090 ## - LOCALMENTE ASIGNADO TIPO-LC NÚMERO DE CLASIFICACIÓN (OCLC); NÚMERO DE CLASIFICACIÓN LOCAL (RLIN) | |
| Número de clasificación (OCLC) (R) ; Numero de clasificación, CALL (RLIN) (NR) | TG AAGBPFAFM |
| Número cutter local (OCLC) ; Número de libro/Signatura topográfica íntegra, CALL (RLIN) | 02479 2024 |
| 100 1# - ENTRADA PRINCIPAL--NOMBRE DE PERSONA | |
| Nombre de persona | Guzmán De Jesús, Bismark A. |
| Término indicativo de función/relación | sustentante |
| 245 10 - MENCIÓN DE TÍTULO | |
| Título | Propuesta del uso de la inteligencia artificial en el desarrollo de las operaciones de la Fuerza Aérea de República Dominicana a partir del año 2025 / |
| Mención de responsabilidad, etc. | Bismark A. Guzmán De Jesús, Hansel Leonardo Jerez ; asesor metodológico Tebis Rodríguez Hernández ; asesor de contenido Teófilo Frías Antigua. |
| 500 ## - NOTA GENERAL | |
| Nota general | Incluye glosario. |
| 502 ## - NOTA DE TESIS | |
| Nota de tesis | Tesis y trabajo de grado (Licenciatura en Ciencias Aeronáuticas) -- Universidad Nacional para la Defensa "General Juan Pablo Duarte y Díez", 2024. |
| 504 ## - NOTA DE BIBLIOGRAFÍA, ETC. | |
| Nota de bibliografía, etc. | Incluye referencias bibliográficas y anexos. |
| 505 ## - NOTA DE CONTENIDO CON FORMATO | |
| Nota de contenido con formato | Antecedentes históricos de la inteligencia artificial -- Aspectos normativos y legales que rigen el uso de la inteligencia artificial -- Propuesta del uso de la inteligencia artificial en el desarrollo de las operaciones en la Fuerza Aérea de República Dominicana --Propuesta del uso de la inteligencia artificial en el desarrollo de las operaciones en la Fuerza Aérea de República Dominicana. |
| 700 1# - PUNTO DE ACCESO ADICIONAL--NOMBRE DE PERSONA | |
| Nombre de persona | Jerez, Hansel Leonardo |
| Término indicativo de función/relación | sustentante |
| 700 1# - PUNTO DE ACCESO ADICIONAL--NOMBRE DE PERSONA | |
| Nombre de persona | Rodríguez Hernández, Tebis |
| Término indicativo de función/relación | asesor metodológico |
| 700 1# - PUNTO DE ACCESO ADICIONAL--NOMBRE DE PERSONA | |
| Nombre de persona | Frías Antigua., Teófilo |
| Término indicativo de función/relación | asesor de contenido |
| 830 ## - PUNTO DE ACCESO ADICIONAL DE SERIE-TÍTULO UNIFORME | |
| Título uniforme | Tesis y disertaciones académicas (Universidad Nacional para la Defensa "General Juan Pablo Duarte y Díez"). Academia Aérea General de Brigada Piloto Frank Andrés Feliz Miranda. |
| 9 (RLIN) | 25 |
| 942 ## - ELEMENTOS DE PUNTO DE ACCESO ADICIONAL (KOHA) | |
| Fuente del sistema de clasificación o colocación | Clasificación Local |
| Tipo de ítem Koha | Tesis |
| Estado de retiro | Estado de pérdida | Fuente del sistema de clasificación o colocación | Estado dañado | No para préstamo | Código de colección | Localización permanente | Ubicación/localización actual | Ubicación en estantería | Fecha de adquisición | Número de inventario | Total de préstamos | Signatura topográfica completa | Código de barras | Fecha visto por última vez | Número de copia | Precio válido a partir de | Tipo de ítem Koha |
|---|---|---|---|---|---|---|---|---|---|---|---|---|---|---|---|---|---|
| Clasificación Local | Trabajos de Grado e Investigción | SIBM UNADE - Biblioteca Sede Central | SIBM UNADE - Biblioteca Sede Central | En estantería | 09/05/2025 | 24-02479 | TG AAGBPFAFM 02479 2024 | 24-02479 | 09/05/2025 | 1 | 09/05/2025 | Tesis |
